KOHA-Header-6

Historical Injustice (Record no. 2465)

000 -LEADER
fixed length control field 00280nam a2200109Ia 4500
008 - FIXED-LENGTH DATA ELEMENTS--GENERAL INFORMATION
fixed length control field 190802s9999 xx 000 0 und d
100 ## - MAIN ENTRY--PERSONAL NAME
Personal name Dr. Ali Akbar M. Dhakan
245 #0 - TITLE STATEMENT
Title Historical Injustice
260 ## - PUBLICATION, DISTRIBUTION, ETC. (IMPRINT)
Place of publication, distribution, etc Karachi
Name of publisher, distributor, etc Dr. Ali Akbar M. Dhakan
Date of publication, distribution, etc 2002
300 ## - PHYSICAL DESCRIPTION
Extent 356:p
942 ## - ADDED ENTRY ELEMENTS (KOHA)
Koha item type Books
Holdings
Withdrawn status Lost status Source of classification or shelving scheme Damaged status Not for loan Collection code Permanent Location Current Location Shelving location Date acquired Full call number Barcode Date last seen Price effective from Koha item type
          English Literature MAJU MAJU Shelf No.A13 2019-08-03 330.954 9088 2019-08-03 2019-08-03 English Literature

Powered by Koha